Immunity and virus infection : (Record no. 53980)
[ view plain ]
| 000 -LEADER | |
|---|---|
| fixed length control field | 00988cam7a220025300 4500 |
| 001 - CONTROL NUMBER | |
| control field | lce00551957 |
| 008 - FIXED-LENGTH DATA ELEMENTS--GENERAL INFORMATION | |
| fixed length control field | 831019s1959 nyua b 000 0 eng |
| 010 ## - LIBRARY OF CONGRESS CONTROL NUMBER | |
| LC control number | 59006776 //r83 |
| 035 ## - SYSTEM CONTROL NUMBER | |
| System control number | (Sirsi) r66037 |
| 035 ## - SYSTEM CONTROL NUMBER | |
| System control number | (DLC) 59006776 //r83 |
| 035 ## - SYSTEM CONTROL NUMBER | |
| System control number | (UPRA)lce00551957 |
| 040 ## - CATALOGING SOURCE | |
| Original cataloging agency | DLC/ICU |
| Transcribing agency | ICU |
| Modifying agency | UPRA |
| 050 0# - LIBRARY OF CONGRESS CALL NUMBER | |
| Classification number | QR181 |
| Item number | .V27 1958 |
| 082 0# - DEWEY DECIMAL CLASSIFICATION NUMBER | |
| Classification number | 615.37082 |
| 110 2# - MAIN ENTRY--CORPORATE NAME | |
| Subordinate unit | School of Medicine. |
| Linkage | A15401.1 |
| 245 10 - TITLE STATEMENT | |
| Title | Immunity and virus infection : |
| Remainder of title | symposium held at Vanderbilt University School of Medicine, May 1-2, 1958 [and] sponsored by National Foundation for Infantile Paralysis, inc / |
| Statement of responsibility, etc. | edited by Victor A. Najjar. |
| 260 ## - PUBLICATION, DISTRIBUTION, ETC. | |
| Place of publication, distribution, etc. | New York : |
| Name of publisher, distributor, etc. | Wiley, |
| Date of publication, distribution, etc. | [1959] |
| 504 ## - BIBLIOGRAPHY, ETC. NOTE | |
| Bibliography, etc. note | Includes bibliographies. |
| 650 #0 - SUBJECT ADDED ENTRY--TOPICAL TERM | |
| Topical term or geographic name entry element | Immunity. |
| Linkage | S7046.1 |
| 650 #0 - SUBJECT ADDED ENTRY--TOPICAL TERM | |
| Topical term or geographic name entry element | Viruses. |
| Linkage | S4500.1 |
| 700 1# - ADDED ENTRY--PERSONAL NAME | |
| Personal name | Najjar, V. A. (Victor A.), 1914- |
| Fuller form of name | Najjar, V. A. (Victor A.), 1914- |
| Dates associated with a name | Najjar, V. A. (Victor A.), 1914- |
| Linkage | A26410.1 |
| 949 ## - LOCAL PROCESSING INFORMATION (OCLC) | |
| a | QR181 |
| w | LC |
| i | -88285 |
| m | MEDICAL |
| t | BOOK |
| l | ON-SHELF |
No items available.